000 01359cam a2200277 i 4500
003 SA-RiAUC
005 20250410083529.0
008 250408s2003 le g 00000 ara c
040 _aSA-RiKAPL
_bara
_cSA-RiAUC
_erda
082 0 4 _a237.3
090 _a237.3
_b ا ب ن ر
100 1 _aابن رجب، عبد الرحمن بن أحمد بن رجب،
_d736-795 هجري
_eمؤلف.
245 1 0 _aنور الاقتباس في مشكاة وصية النبي صلى الله عليه وسلم لابن عباس /
_cتصنيف عبد الرحمن بن أحمد بن رجب الحنبلي ؛ تحقيق وتعليق محمد بن ناصر العجمي.
250 _aالطبعة الرابعة، مزيدة ومنقحة.
264 1 _aبيروت :
_bدار البشائر الإسلامية،
_c2003
300 _a160 صفحة ؛
_c20 سم
336 _aنص
_btxt
_2rdacontent
_3كتاب
337 _aبدون وسيط
_bn
_2rdamedia
338 _aمجلد
_bnc
_2rdacarrier
600 1 7 _aابن عباس، عبد الله بن عباس بن عبد المطلب،
_d3 قبل الهجرة-68 هجري
_2aucnm
650 7 _aالحديث
_xجوامع الفنون
_2aucsh
650 7 _aالوعظ والإرشاد
_2aucsh
700 1 _aالعجمي، محمد بن ناصر
_eمحقق.
942 _2ddc
_cBOOK
_n0
949 _aSA-JeALM
_d250408
_umohamedma123
_n1
999 _c6851
_d6851